| 000 | 00713nam a2200229 u 4500 | ||
|---|---|---|---|
| 005 | 20241004063731.0 | ||
| 008 | 170615s2015 mx r 000 0 spa d | ||
| 020 | _a9786074484656 | ||
| 035 | _aUPN01000218765 | ||
| 049 | _aCG | ||
| 050 | 4 |
_aBF176 _bA7.3 2015 |
|
| 100 | 1 |
_aAragón Borja, Laura Edna _932316 |
|
| 245 | 1 | 0 |
_aEvaluación psicológica : _bhistoria, fundamentos teórico-conceptuales y psicometría / _cLaura Edna Aragón Borja. |
| 250 | _a2a ed. | ||
| 260 |
_aMéxico : _bManual Moderno, _c2015. |
||
| 300 |
_aviii, 141 p. : _bfigs., tablas |
||
| 650 | 4 | _aPRUEBAS PSICOLOGICAS | |
| 650 | 4 |
_aPsicometría _99969 |
|
| 650 | 4 |
_aPsicodiagnóstico _916014 |
|
| 905 | _aLibro | ||
| 999 |
_c190865 _d190865 |
||